000 00412nam a2200133Ia 4500
008 240729s9999 xx 000 0 und d
245 0 _aNorth Carolina Libraries
260 _aUnited States
260 _bNorth Carolina Library Association
650 _aBibliography. Library science. Information resources
856 _uhttps://doaj.org/toc/f24d1935251c4802993ef202f1124ede
942 _2ddc
942 _cDOAJEJ
999 _c65888
_d65888
945 _a1
_bMadushi Gamage
_c1
_dMadushi Gamage